00291nam a2200121Ia 45000030006000000080041000060400015000471000017000622450052000792600009001315460012001400050017001520STCL150530s9999 xx 000 0 und d aSTCLcSTCL aJohn Cournos aAmerican short stories of the ninteenth century c1977 aEnglish20220125171343.0